00743nam a22002297a 45000010005000000030006000050050017000110080041000280200017000690400033000860500014001190820012001331000027001452450044001722600037002163000025002535050007002785200173002855210018004585210018004767000019004944007FISKH20240530093853.0240530b cb ||||| |||| 00| 0 eng d a059060175-x  aFISKH beng cFISKH dFISKH  aPZ7.V874  a813.54  aVoigt Cynthia d1942-  aBad, badder, baddest / cCynthia Voigt  aNew York : bScholastic, c1998  a266 pages : c20 cm  aM  aWhen fifth graders Mikey and Margalo devise a plan to prevent Mikey's parents from getting a divorce, the two friends find their scheme foiled by a new girl at school. 8 a700 bLexile 8 aM bRaz-Plus  aCynthia Voigt